| 000 | 00335nam a22001337a 4500 | ||
|---|---|---|---|
| 008 | 170922b xxu||||| |||| 00| 0 eng d | ||
| 020 | _a9780787942373 | ||
| 041 | _aeng | ||
| 080 | _a37 | ||
| 100 | _a46 | ||
| 101 | _aEDU | ||
| 245 |
_aDETERMINING THE ECONOMIC BENEFITS OF ATTENDING COMMUNITY COLLEGE _cSANCHEZ,J.R |
||
| 942 |
_2udc _cBK |
||
| 999 |
_c29276 _d29276 |
||